000 00458nam a2200169 i 4500
001 bg
100 1 _aBRAMORSKI, Kazimierz
245 0 _aGeodezja miejska /
_cKazimierz Bramorski, Jerzy Gomoliszewski, Mieczysław Lipiński.
260 _aWarszawa,
_c1973.
700 1 _aGOMOLISZEWSKI, Jerzy
700 1 _aLIPIŃSKI, Mieczysław
040 _cBPK
041 _apol
080 _a528:711.4/.8
942 _cKS
008 s pl f |000 0 pol
999 _c25945
_d25945
856 _uhttp://koha.tu.koszalin.pl/cgi-bin/koha/opac-detail.pl?biblionumber=25945
_yKatalog online BPK